Pracujete více, ale vyděláte si méně?

Riadenie výkonu je všeobecný trend v súčasných reštrukturalizačných projektoch. Zoštíhlovanie za každú cenu nie je riadenie výkonu. Tri základné pravidlá pre zvládnutie situácie v rámci reštrukturalizácie. Pravidelné hodnotenie výkonu zamestnancov ako súčasť riadenia výkonu. Zaškolovanie zamestnanco...

Descripción completa

Guardado en:
Detalles Bibliográficos
Autor principal: Tejnorová, Jitka
Formato: Capítulo de libro
Lenguaje:checo
Materias:
Etiquetas: Agregar Etiqueta
Sin Etiquetas, Sea el primero en etiquetar este registro!

MARC

LEADER 00000naa a2200000 4500
001 0128949
005 20231019115640.7
041 0 |a cze 
044 |a CZ 
245 1 0 |a Pracujete více, ale vyděláte si méně?  |c Jitka Tejnorová 
520 |a Riadenie výkonu je všeobecný trend v súčasných reštrukturalizačných projektoch. Zoštíhlovanie za každú cenu nie je riadenie výkonu. Tri základné pravidlá pre zvládnutie situácie v rámci reštrukturalizácie. Pravidelné hodnotenie výkonu zamestnancov ako súčasť riadenia výkonu. Zaškolovanie zamestnancov, odmeňovanie zamestnancov. 
610 2 0 |a spoločnosti 
610 2 0 |a výkony pracovné 
610 2 0 |a riadenie 
610 2 0 |a odmeňovanie 
100 1 |a Tejnorová, Jitka